000 00791nam a22002537a 4500
005 20170123162333.0
010 _aA-412382
020 _c40.00
035 _aA-412382
037 _bCen Lib/Ret
040 _aDPL
_bUR
082 _a841.08
_bع ل ی
100 _aعلیم صبا نویدی
_9421
245 _aتشدید /
_cعلیم صبا نویدی
246 _aTashdeed /
_bby Aleem Sabanavidi
260 _aنیی دہلی
_bمکتبہ جامہ لمیٹڈ
_c1989
270 _bنیی دہلی
_aجامہ نگر
_e110025
300 _a120p.
_c21cm(Hb)
650 _a ادب - اردو
_9123041
650 _a اردو شاعری
_9123042
650 _aLiterature -- Urdu
_9123043
650 _aUrdu poetry
_9123044
942 _2ddc
_cUR
_h841.08
_mع ل ی
999 _c107980
_d107980